[Event "Titled Tuesday intern op 02nd Apr Early"]
[Site "Chess.com INT"]
[Date "2024.04.02"]
[Round "3"]
[White "Bodnaruk, Anastasia"]
[Black "Baruch, Liam"]
[Result "1-0"]
[WhiteElo "2359"]
[BlackElo "1831"]
[PlyCount "71"]
[EventDate "2024.04.02"]
[EventType "swiss (blitz)"]
[EventRounds "11"]
[EventCountry "USA"]
[SourceTitle "CB15_2024"]
[SourceDate "2024.04.10"]
[SourceVersion "1"]
[SourceVersionDate "2024.04.10"]
[SourceQuality "1"]

1. e4 e5 2. Nf3 Nc6 3. Bb5 a6 4. Ba4 Nf6 5. 0-0 b5 6. Bb3 Bc5 7. Re1 d6 8. c3 Bb6 9. h3 0-0 10. d4 h6 11. Be3 exd4 12. cxd4 Na5 13. Bc2 Nc4 14. Bc1 Re8 15. b3 Na5 16. Bb2 d5 17. e5 Nh7 18. Nc3 Ng5 19. Nxg5 Qxg5 20. Nxd5 Bxh3 21. Qf3 Bg4 22. Qg3 h5 23. f4 Qd8 24. Nxb6 cxb6 25. Be4 Rc8 26. d5 Nb7 27. b4 Rc4 28. a3 Nd6 29. Bd3 Nf5 30. Bxf5 Bxf5 31. e6 g6 32. Rad1 h4 33. Qe3 fxe6 34. Qe5 Re7 35. Qh8+ Kf7 36. Qxd8 1-0

[Event "Titled Tuesday intern op 12th Mar Early"]
[Site "Chess.com INT"]
[Date "2024.03.12"]
[Round "10"]
[White "Khakhinov, Ilya"]
[Black "Baruch, Liam"]
[Result "0-1"]
[WhiteElo "2236"]
[BlackElo "1831"]
[PlyCount "116"]
[EventDate "2024.03.12"]
[EventType "swiss (blitz)"]
[EventRounds "11"]
[EventCountry "USA"]
[SourceTitle "CB12_2024"]
[SourceDate "2023.10.01"]
[SourceVersion "1"]
[SourceVersionDate "2023.10.01"]
[SourceQuality "1"]

1. e4 e5 2. Nf3 Nc6 3. Nc3 Nf6 4. d4 exd4 5. Nxd4 Bb4 6. Nxc6 bxc6 7. Bd3 d5 8. exd5 cxd5 9. 0-0 0-0 10. Bg5 c6 11. Na4 Bd6 12. c3 h6 13. Bh4 Re8 14. b4 Be5 15. Re1 a5 16. a3 axb4 17. axb4 Re7 18. Bc2 Qe8 19. Qd2 Bg4 20. Nc5 Rxa1 21. Rxa1 d4 22. cxd4 Bxd4 23. Rf1 Be5 24. h3 Bc8 25. Qd3 g6 26. Qf3 g5 27. Bg3 Bd4 28. Qd3 Bxc5 29. bxc5 Re1 30. Bd6 Rxf1+ 31. Kxf1 Qe6 32. Bb3 Ba6 33. Qxa6 Qxb3 34. Kg1 Qb1+ 35. Kh2 Qe4 36. Qc8+ Qe8 37. Qc7 Nd5 38. Qb7 Nf4 39. Qc7 Qe4 40. Qd8+ Kg7 41. Qf8+ Kg6 42. Qg8+ Kf6 43. Qh8+ Ke6 44. Qxh6+ Ng6 45. Qxg5 Qd5 46. Qxd5+ cxd5 47. Kg3 d4 48. Kf3 Kd5 49. g3 f6 50. h4 Nh8 51. h5 Nf7 52. g4 Ng5+ 53. Ke2 Kc4 54. f4 d3+ 55. Kd1 Ne4 56. h6 Kc3 57. Ke1 d2+ 58. Ke2 Kc2 0-1

[Event "Titled Tuesday intern op 16th Jan Early"]
[Site "Chess.com INT"]
[Date "2024.01.16"]
[Round "8"]
[White "Baruch, Liam"]
[Black "Petrova, Irina"]
[Result "1-0"]
[WhiteElo "1718"]
[BlackElo "2108"]
[PlyCount "115"]
[EventDate "2024.01.16"]
[EventType "swiss (blitz)"]
[EventRounds "11"]
[EventCountry "USA"]
[SourceTitle "CB04_2024"]
[SourceDate "2023.10.16"]
[SourceVersion "1"]
[SourceVersionDate "2023.10.16"]
[SourceQuality "1"]

1. e4 d6 2. d4 Nf6 3. Nc3 e5 4. Nf3 Nbd7 5. Be3 Be7 6. Bc4 c6 7. 0-0 b5 8. Bb3 b4 9. Ne2 Nxe4 10. dxe5 Nxe5 11. Ned4 Nxf3+ 12. Qxf3 d5 13. Nxc6 Qd6 14. Nxe7 Kxe7 15. Rad1 Be6 16. Rfe1 Rhd8 17. Bf4 Qc6 18. Qe2 Kf8 19. f3 Nc5 20. Be3 Rac8 21. Bd4 f6 22. Kf1 Nxb3 23. axb3 Re8 24. c3 bxc3 25. bxc3 Qb7 26. Qc2 Kg8 27. Kg1 Qd7 28. Qf2 a6 29. b4 Bf5 30. Bc5 Bg6 31. Re3 Rxe3 32. Qxe3 Re8 33. Qd4 Bc2 34. Qxd5+ Qxd5 35. Rxd5 Bb3 36. Rd6 Bc4 37. Rd4 Bb5 38. c4 Bc6 39. Rd6 Bb7 40. Rb6 Bc8 41. Kf2 Kf7 42. Rc6 Bb7 43. Rc7+ Kg6 44. Rxb7 Rc8 45. Rb6 a5 46. Rb5 axb4 47. Bxb4 Rxc4 48. Bd2 Rc2 49. Ke2 h5 50. g3 Ra2 51. Rb3 Ra4 52. Ke3 h4 53. Bc3 hxg3 54. hxg3 Ra2 55. Bd4 Ra4 56. f4 Rc4 57. Ke4 Ra4 58. f5+ 1-0

[Event "Titled Tuesday intern op 16th Jan Early"]
[Site "Chess.com INT"]
[Date "2024.01.16"]
[Round "7"]
[White "Toktomushev, Teimur"]
[Black "Baruch, Liam"]
[Result "1-0"]
[WhiteElo "2249"]
[BlackElo "1718"]
[PlyCount "45"]
[EventDate "2024.01.16"]
[EventType "swiss (blitz)"]
[EventRounds "11"]
[EventCountry "USA"]
[SourceTitle "CB04_2024"]
[SourceDate "2023.10.16"]
[SourceVersion "1"]
[SourceVersionDate "2023.10.16"]
[SourceQuality "1"]

1. d4 d5 2. c4 e6 3. Nc3 Nf6 4. cxd5 exd5 5. Bg5 c6 6. e3 Be7 7. Bd3 Nbd7 8. Qc2 0-0 9. Nf3 Re8 10. 0-0 Nf8 11. Ne5 Ng4 12. Bxe7 Qxe7 13. Nxg4 Bxg4 14. Rae1 Ng6 15. f3 Be6 16. f4 Bd7 17. f5 Nf8 18. f6 Qd6 19. fxg7 Ng6 20. Qf2 Be6 21. e4 c5 22. dxc5 Qd7 23. Bb5 1-0

[Event "Titled Tuesday intern op 22nd Aug Early"]
[Site "Chess.com INT"]
[Date "2023.08.22"]
[Round "3"]
[White "Hernandez Jimenez, Jeronimo"]
[Black "Baruch, Liam"]
[Result "1-0"]
[WhiteElo "2108"]
[BlackElo "1718"]
[PlyCount "145"]
[EventDate "2023.08.22"]
[EventType "swiss (blitz)"]
[EventRounds "11"]
[EventCountry "USA"]
[SourceTitle "EXT 2024"]
[Source "ChessBase"]
[SourceDate "2023.10.10"]
[SourceVersion "1"]
[SourceVersionDate "2023.10.10"]
[SourceQuality "1"]

1. e4 e5 2. Nf3 Nc6 3. Bc4 Bc5 4. c3 Nf6 5. d4 exd4 6. cxd4 Bb4+ 7. Nc3 Nxe4 8. 0-0 Bxc3 9. bxc3 d5 10. Bd3 0-0 11. Qc2 Bf5 12. Re1 Re8 13. Ng5 Qe7 14. Nxe4 dxe4 15. Bc4 e3 16. Qd1 exf2+ 17. Kxf2 Qf6 18. Kg1 Qg6 19. Bf4 Be4 20. Bg3 Kh8 21. Rf1 f5 22. Qd2 Re7 23. Rae1 Rae8 24. Bh4 Rd7 25. Bg3 h5 26. Qf4 Rde7 27. Qh4 Qg4 28. Be2 Qxh4 29. Bxh4 Re6 30. Bxh5 g6 31. Bd1 Kg7 32. Bb3 Rd6 33. Bg3 Rd7 34. Re3 Na5 35. Be5+ Kf8 36. Rh3 Nxb3 37. axb3 Rf7 38. Ra1 a6 39. Rh6 f4 40. Rf1 g5 41. h4 f3 42. gxf3 Bxf3 43. hxg5 Rf5 44. Rf6+ Rxf6 45. Bxf6 Be2 46. Rf2 Kg8 47. Be5 Bd3 48. Bxc7 Bg6 49. Be5 Rc8 50. Rf6 Bf7 51. c4 a5 52. Rb6 a4 53. bxa4 Rxc4 54. Rxb7 Rxa4 55. Rb8+ Kh7 56. Rh8+ Kg6 57. Rf8 Ra1+ 58. Kf2 Ra2+ 59. Kg3 Ra3+ 60. Kf4 Bd5 61. Rf6+ Kh7 62. Rh6+ Kg8 63. g6 Rf3+ 64. Kg4 Rh3 65. Kxh3 Be6+ 66. Kg3 Kf8 67. Rh8+ Ke7 68. g7 Bg8 69. Rxg8 Kf7 70. Rf8+ Ke6 71. g8Q+ Kd7 72. Qd5+ Ke7 73. Qd6# 1-0

[Event "Titled Tuesday intern op 20th Jun Early"]
[Site "Chess.com INT"]
[Date "2023.06.20"]
[Round "8"]
[White "Baruch, Liam"]
[Black "Sovetbekova, Nurai"]
[Result "0-1"]
[WhiteElo "1718"]
[BlackElo "1823"]
[PlyCount "118"]
[EventDate "2023.06.20"]
[EventType "swiss (blitz)"]
[EventRounds "11"]
[EventCountry "USA"]
[SourceTitle "EXT 2024"]
[Source "ChessBase"]
[SourceDate "2023.10.10"]
[SourceVersion "1"]
[SourceVersionDate "2023.10.10"]
[SourceQuality "1"]

1. e4 c5 2. Nf3 Nc6 3. d4 cxd4 4. Nxd4 Nf6 5. Nc3 e5 6. Ndb5 d6 7. Bg5 a6 8. Na3 b5 9. Nd5 Be7 10. Bxf6 Bxf6 11. c3 Bg5 12. Nc2 Rb8 13. Bd3 0-0 14. 0-0 Be6 15. Nce3 Ne7 16. Nxe7+ Qxe7 17. Bc2 Bxe3 18. fxe3 b4 19. cxb4 Rxb4 20. b3 Rc8 21. Qd2 Rb7 22. Rfd1 Rbc7 23. Bd3 Rc6 24. Qe2 Qa7 25. Kh1 h6 26. h3 Rc3 27. Qd2 a5 28. Rac1 Rxc1 29. Rxc1 Rxc1+ 30. Qxc1 a4 31. Bc4 Bxc4 32. bxc4 Qc5 33. Qc3 Qb6 34. Kh2 Qb1 35. Qa3 Qxe4 36. Qxd6 Qxc4 37. Qxe5 Qxa2 38. Qe8+ Kh7 39. Qe4+ g6 40. Qb7 Qb3 41. Qa8 a3 42. e4 a2 43. e5 Qb2 44. Qe8 Qb7 45. Qa4 Qb2 46. Qe8 Qf2 47. Qa4 Qe2 48. Qe8 Kg7 49. Qa4 Qxe5+ 50. g3 a1Q 51. Qc2 Qab2 52. Qxb2 Qxb2+ 53. Kg1 Qc2 54. g4 Kf6 55. h4 Ke5 56. g5 h5 57. Kh1 Kf4 58. Kg1 Kg3 59. Kf1 Qf2# 0-1

[Event "Titled Tuesday intern op 20th Jun Early"]
[Site "Chess.com INT"]
[Date "2023.06.20"]
[Round "1"]
[White "Dixit, Nikhil"]
[Black "Baruch, Liam"]
[Result "0-1"]
[WhiteElo "2289"]
[BlackElo "1718"]
[PlyCount "132"]
[EventDate "2023.06.20"]
[EventType "swiss (blitz)"]
[EventRounds "11"]
[EventCountry "USA"]
[SourceTitle "EXT 2024"]
[Source "ChessBase"]
[SourceDate "2023.10.10"]
[SourceVersion "1"]
[SourceVersionDate "2023.10.10"]
[SourceQuality "1"]

1. e4 e5 2. Nf3 Nc6 3. Bb5 a6 4. Ba4 Nf6 5. 0-0 b5 6. Bb3 Bc5 7. c3 d6 8. d3 0-0 9. h3 h6 10. Qe2 Bb6 11. Be3 Bxe3 12. Qxe3 Ne7 13. Nbd2 Ng6 14. d4 Re8 15. dxe5 dxe5 16. a4 Bb7 17. Rfd1 Qe7 18. Bc2 Nf4 19. Nf1 Nh7 20. Ng3 Ng5 21. Nf5 Qf6 22. Nh2 Qg6 23. Ng3 h5 24. h4 Nge6 25. Qf3 Bc6 26. a5 Rad8 27. Nf5 Bd7 28. g3 Nc5 29. Kh1 Nfe6 30. b4 Nb7 31. Rd5 Nf8 32. Rad1 Bxf5 33. exf5 Qh6 34. Rxd8 Nxd8 35. Qe4 Qc6 36. Qxc6 Nxc6 37. Be4 Nb8 38. Nf1 Nfd7 39. Ne3 Nf6 40. f3 Nxe4 41. fxe4 Kf8 42. Kg2 c6 43. Kf3 Ke7 44. g4 hxg4+ 45. Kxg4 Rd8 46. Rxd8 Kxd8 47. f6 g6 48. Kg5 Kd7 49. Ng4 Ke6 50. Kh6 Nd7 51. Kg7 c5 52. bxc5 Nxc5 53. Nh6 Nxe4 54. Nxf7 Nxf6 55. Ng5+ Kf5 56. Nf7 e4 57. Nh6+ Ke6 58. Kxg6 e3 59. Nf5 Nd5 60. Nd4+ Ke5 61. Ne2 Nf4+ 62. Nxf4 Kxf4 63. h5 e2 64. h6 e1Q 65. h7 Qg3+ 66. Kf7 Qxc3 0-1

[Event "Titled Tuesday intern op 11th Apr Early"]
[Site "Chess.com INT"]
[Date "2023.04.11"]
[Round "2"]
[White "Baruch, Liam"]
[Black "Rios Escobar, Adan"]
[Result "0-1"]
[WhiteElo "1718"]
[BlackElo "2234"]
[PlyCount "136"]
[EventDate "2023.04.11"]
[EventType "swiss (blitz)"]
[EventRounds "11"]
[EventCountry "USA"]
[SourceTitle "CBM 213 Extra"]
[Source "ChessBase"]
[SourceDate "2023.05.31"]
[SourceVersion "1"]
[SourceVersionDate "2023.05.31"]
[SourceQuality "1"]

1. e4 c5 2. Nf3 d6 3. d4 cxd4 4. Nxd4 Nf6 5. Nc3 a6 6. Be2 e5 7. Nb3 Be6 8. 0-0 Be7 9. Re1 Nbd7 10. Bf1 Rc8 11. Nd5 Nxd5 12. exd5 Bf5 13. c3 0-0 14. a4 Bg6 15. a5 f5 16. f4 Bh4 17. g3 Bf6 18. Ra4 Kh8 19. Bg2 Nc5 20. Rb4 Rf7 21. Be3 Rd7 22. fxe5 Bxe5 23. Nxc5 dxc5 24. Bxc5 Bxg3 25. Bb6 Bc7 26. Qe2 h6 27. Bxc7 Qxc7 28. Qe6 Rd6 29. Qe7 Qc5+ 30. Kh1 Rc7 31. Qf8+ Kh7 32. Rb6 Rxd5 33. Qxc5 Rdxc5 34. Rxb7 Rxb7 35. Bxb7 Rxa5 36. Bg2 Ra2 37. Re2 Ra1+ 38. Bf1 Rxf1+ 39. Kg2 Rb1 40. Rd2 f4 41. Kf2 a5 42. Kf3 a4 43. Kxf4 h5 44. Kg5 Rg1+ 45. Kf4 Rg4+ 46. Ke3 Kh6 47. Rd4 Rg2 48. Rd2 Rxd2 49. Kxd2 Kg5 50. c4 Bf7 51. c5 Be8 52. Ke3 Kg4 53. Kf2 Kh3 54. Kg1 g5 55. Kh1 Bc6+ 56. Kg1 g4 57. b4 axb3 58. Kf2 Kxh2 59. Ke3 h4 60. Kf4 g3 61. Ke5 h3 62. Kd6 Bf3 63. c6 Bxc6 64. Kxc6 b2 65. Kc7 b1Q 66. Kd7 g2 67. Ke6 Kg3 68. Kf6 Kf4 0-1

[Event "Titled Tuesday intern op 11th Apr Early"]
[Site "Chess.com INT"]
[Date "2023.04.11"]
[Round "4"]
[White "Baruch, Liam"]
[Black "Smith, Garrett L"]
[Result "0-1"]
[WhiteElo "1718"]
[BlackElo "2047"]
[PlyCount "130"]
[EventDate "2023.04.11"]
[EventType "swiss (blitz)"]
[EventRounds "11"]
[EventCountry "USA"]
[SourceTitle "CBM 213 Extra"]
[Source "ChessBase"]
[SourceDate "2023.05.31"]
[SourceVersion "1"]
[SourceVersionDate "2023.05.31"]
[SourceQuality "1"]

1. e4 c5 2. Nf3 Nc6 3. d4 cxd4 4. Nxd4 e5 5. Nb5 d6 6. N1c3 a6 7. Na3 Be7 8. Nc4 b5 9. Ne3 Nf6 10. Bd3 0-0 11. 0-0 Be6 12. a3 Rb8 13. Qf3 Nd4 14. Qg3 Kh8 15. f3 Rg8 16. Ne2 Nxe2+ 17. Bxe2 Qc7 18. Rd1 Rgd8 19. c3 d5 20. exd5 Nxd5 21. Nxd5 Rxd5 22. Be3 Rbd8 23. Qe1 f5 24. Bf2 e4 25. fxe4 fxe4 26. Rxd5 Rxd5 27. Rd1 Qe5 28. Bd4 Qg5 29. Bf1 Qf5 30. Qe3 h6 31. Qg3 Bg5 32. Qf2 Qxf2+ 33. Kxf2 e3+ 34. Ke1 Kh7 35. g3 Bg4 36. Bd3+ Kg8 37. Be4 Rd7 38. Rb1 Re7 39. Bd5+ Kh8 40. a4 e2 41. axb5 axb5 42. Ra1 Kh7 43. Ra8 Kg6 44. Bg2 h5 45. h4 Bf6 46. Ra6 Kf5 47. Bxf6 gxf6 48. Ra5 Rd7 49. Rxb5+ Ke6 50. Rb6+ Kf7 51. Kf2 Rd1 52. Rb7+ Ke6 53. Rb6+ Kf5 54. Rb5+ Kg6 55. Be4+ f5 56. Rb6+ Kf7 57. Rb7+ Kf8 58. Rb8+ Ke7 59. Rb7+ Kd8 60. Rb8+ Kc7 61. Rb7+ Kc8 62. Re7 e1Q+ 63. Kg2 Qh1+ 64. Kf2 Qe1+ 65. Kg2 Rd2# 0-1

[Event "Titled Tuesday intern op 04th Apr Late"]
[Site "Chess.com INT"]
[Date "2023.04.04"]
[Round "8"]
[White "Baruch, Liam"]
[Black "Hajiyev, Kanan"]
[Result "0-1"]
[WhiteElo "1718"]
[BlackElo "2194"]
[PlyCount "86"]
[EventDate "2023.04.04"]
[EventType "swiss (blitz)"]
[EventRounds "11"]
[EventCountry "USA"]
[SourceTitle "EXT 2024"]
[Source "ChessBase"]
[SourceDate "2023.10.10"]
[SourceVersion "1"]
[SourceVersionDate "2023.10.10"]
[SourceQuality "1"]

1. e4 c5 2. Nc3 d6 3. f4 g6 4. Nf3 Bg7 5. Bb5+ Bd7 6. Bxd7+ Qxd7 7. 0-0 Nc6 8. d3 e6 9. Qe1 Nge7 10. Ng5 Nd4 11. Qf2 0-0 12. Kh1 f5 13. Be3 e5 14. Bxd4 cxd4 15. Ne2 h6 16. Nf3 fxe4 17. dxe4 Qc6 18. fxe5 dxe5 19. Ng3 Rac8 20. Rac1 h5 21. Qd2 Rf4 22. c3 Qd7 23. cxd4 Rxc1 24. Rxc1 h4 25. Nf1 Rxe4 26. dxe5 Qxd2 27. N1xd2 Re2 28. Rc8+ Kh7 29. Kg1 Nxc8 30. Ng5+ Kg8 31. Ndf3 Rxb2 32. e6 Rxa2 33. Nxh4 Ne7 34. h3 Bd4+ 35. Kh2 Bf6 36. Ngf3 Bxh4 37. Nxh4 Kg7 38. Kg3 a5 39. Nf3 Ra3 40. Kf4 Rxf3+ 41. gxf3 a4 42. Ke5 a3 43. Kd6 Kf6 0-1

[Event "Titled Tuesday intern op 04th Apr Late"]
[Site "Chess.com INT"]
[Date "2023.04.04"]
[Round "1"]
[White "Baruch, Liam"]
[Black "Rastbod, Ali"]
[Result "0-1"]
[WhiteElo "1718"]
[BlackElo "2318"]
[PlyCount "94"]
[EventDate "2023.04.04"]
[EventType "swiss (blitz)"]
[EventRounds "11"]
[EventCountry "USA"]
[SourceTitle "EXT 2024"]
[Source "ChessBase"]
[SourceDate "2023.10.10"]
[SourceVersion "1"]
[SourceVersionDate "2023.10.10"]
[SourceQuality "1"]

1. e4 c6 2. d4 d5 3. exd5 cxd5 4. Bd3 Nf6 5. c3 Bg4 6. Qb3 Qc7 7. h3 Bd7 8. Nf3 e6 9. 0-0 Bd6 10. Re1 Bc6 11. Ne5 Nbd7 12. Bf4 Ne4 13. Bxe4 dxe4 14. Nxc6 Bxf4 15. Nb4 Nf6 16. Qa4+ Ke7 17. Qa3 Qd6 18. Nc2 b5 19. Qxd6+ Kxd6 20. Nba3 Rab8 21. Ne3 Rhc8 22. Nac2 a5 23. a3 Nd5 24. Nf1 f5 25. Nce3 Rc6 26. g3 Bh6 27. g4 g6 28. Ng3 Bxe3 29. fxe3 b4 30. axb4 axb4 31. cxb4 Rxb4 32. Re2 Rcb6 33. Ra2 Rb3 34. Nf1 Nb4 35. Nd2 Nxa2 36. Nc4+ Kd5 37. Nxb6+ Rxb6 38. Rc2 Nb4 39. Rc5+ Kd6 40. Rc8 Nd5 41. Rh8 Rxb2 42. Rxh7 Nxe3 43. gxf5 gxf5 44. h4 f4 45. Rf7 f3 46. h5 Ng4 47. Rf4 Rb1# 0-1

[Event "Titled Tuesday intern op 04th Apr Late"]
[Site "Chess.com INT"]
[Date "2023.04.04"]
[Round "5"]
[White "Baruch, Liam"]
[Black "Skaric, Djuro"]
[Result "1-0"]
[WhiteElo "1718"]
[BlackElo "2334"]
[PlyCount "75"]
[EventDate "2023.04.04"]
[EventType "swiss (blitz)"]
[EventRounds "11"]
[EventCountry "USA"]
[SourceTitle "EXT 2024"]
[Source "ChessBase"]
[SourceDate "2023.10.10"]
[SourceVersion "1"]
[SourceVersionDate "2023.10.10"]
[SourceQuality "1"]

1. e4 d6 2. d4 g6 3. Be3 Bg7 4. Nc3 Nf6 5. f3 0-0 6. Qd2 Nc6 7. Bh6 e5 8. d5 Ne7 9. 0-0-0 Nh5 10. g4 Nf4 11. Bxf4 exf4 12. Qxf4 f5 13. gxf5 gxf5 14. Qe3 Ng6 15. Kb1 f4 16. Qe1 a6 17. h4 Ne5 18. h5 h6 19. Be2 Kh7 20. Nh3 Bd7 21. Qd2 Qf6 22. Rdg1 Rf7 23. Nf2 b5 24. Ncd1 a5 25. Rf1 b4 26. Ng4 Nxg4 27. fxg4 Qe5 28. Rf2 a4 29. Rhf1 b3 30. Rxf4 bxa2+ 31. Kxa2 Rxf4 32. Qxf4 Qd4 33. Bd3 Rb8 34. e5+ Qxd3 35. cxd3 Bxe5 36. Qf7+ Kh8 37. Qxd7 a3 38. Qxc7 1-0

[Event "Titled Tuesday intern op 04th Apr Late"]
[Site "Chess.com INT"]
[Date "2023.04.04"]
[Round "3"]
[White "Gatterer, Florian"]
[Black "Baruch, Liam"]
[Result "0-1"]
[WhiteElo "2170"]
[BlackElo "1718"]
[PlyCount "126"]
[EventDate "2023.04.04"]
[EventType "swiss (blitz)"]
[EventRounds "11"]
[EventCountry "USA"]
[SourceTitle "EXT 2024"]
[Source "ChessBase"]
[SourceDate "2023.10.10"]
[SourceVersion "1"]
[SourceVersionDate "2023.10.10"]
[SourceQuality "1"]

1. d4 d5 2. Nf3 e6 3. g3 Nf6 4. Bg2 Be7 5. 0-0 0-0 6. c4 dxc4 7. Ne5 Nc6 8. Bxc6 bxc6 9. Nxc6 Qe8 10. Nxe7+ Qxe7 11. Qa4 e5 12. dxe5 Qxe5 13. Nc3 Qh5 14. Qxc4 Bg4 15. f3 Bh3 16. Rd1 Rac8 17. Be3 Be6 18. Qc5 Qh3 19. Rd2 h5 20. Bg5 Nd7 21. Qf2 f6 22. Be3 Ne5 23. b3 a6 24. Bc5 Rfd8 25. Rad1 Rxd2 26. Rxd2 h4 27. Qg2 Qf5 28. g4 Qg5 29. e3 Nxf3+ 30. Qxf3 Qxc5 31. Ne2 Qg5 32. h3 Bf7 33. Qf4 Qc5 34. Qd4 Qc6 35. Qd7 Qxd7 36. Rxd7 Be6 37. Rd4 c5 38. Rd6 Bf7 39. Rxa6 c4 40. bxc4 Bxc4 41. Ra7 Bxe2 42. Kf2 Bb5 43. Kf3 Bc6+ 44. Kf4 Kh7 45. e4 Rd8 46. e5 Rd4+ 47. Kf5 Bd7+ 48. e6 Rd5+ 49. Ke4 Bxe6 50. a4 Rd1 51. a5 Bb3 52. a6 Bc4 53. Kf4 Rf1+ 54. Ke3 Rh1 55. g5 Rxh3+ 56. Kd4 Bxa6 57. gxf6 Be2 58. Rxg7+ Kh8 59. Ke5 Rf3 60. Rc7 h3 61. Ke6 Bc4+ 62. Ke7 Bg8 63. Rc4 Rf5 0-1

[Event "Titled Tuesday intern op 28th Mar Early"]
[Site "Chess.com INT"]
[Date "2023.03.28"]
[Round "1"]
[White "Baruch, Liam"]
[Black "Postlmayer, Jakob"]
[Result "1/2-1/2"]
[WhiteElo "1718"]
[BlackElo "2323"]
[PlyCount "145"]
[EventDate "2023.03.28"]
[EventType "swiss (blitz)"]
[EventRounds "11"]
[EventCountry "USA"]
[SourceTitle "EXT 2024"]
[Source "ChessBase"]
[SourceDate "2023.10.10"]
[SourceVersion "1"]
[SourceVersionDate "2023.10.10"]
[SourceQuality "1"]

1. e4 e5 2. Nf3 Nf6 3. Nxe5 d6 4. Nf3 Nxe4 5. Qe2 Qe7 6. d4 d5 7. Bf4 Bf5 8. c3 c6 9. Nbd2 Nxd2 10. Qxe7+ Bxe7 11. Kxd2 Nd7 12. g3 0-0 13. Bg2 Be4 14. Rhe1 Rfe8 15. Bh3 Nb6 16. Ne5 Bf6 17. b3 h6 18. Re2 Re7 19. a4 a5 20. f3 Bxe5 21. Bxe5 Bxf3 22. Rf2 Bh5 23. Bd6 Ree8 24. Bc5 Nc8 25. Re1 Rxe1 26. Kxe1 Ne7 27. Kd2 Re8 28. g4 Bg6 29. Re2 Be4 30. Bg2 Ng6 31. Bxe4 dxe4 32. Ke3 f6 33. Bb6 h5 34. gxh5 Ne7 35. Bxa5 Nd5+ 36. Kd2 e3+ 37. Kd1 b6 38. Bb4 Nxb4 39. cxb4 Re4 40. Kc2 Rxd4 41. Rxe3 Rxb4 42. Re6 c5 43. Re7 Kh7 44. Rb7 Kh6 45. Kc3 f5 46. h3 f4 47. Rf7 Kxh5 48. Rxg7 Kh4 49. Kd3 Rxb3+ 50. Ke4 Rb4+ 51. Kf3 Rxa4 52. Rh7+ Kg5 53. Rg7+ Kf6 54. Rb7 Rb4 55. h4 b5 56. h5 Kg5 57. Rc7 c4 58. Rc5+ Kh6 59. Kxf4 c3+ 60. Ke3 Rb3 61. Kd3 b4 62. Kc2 Rb2+ 63. Kc1 Kg7 64. Rc6 Rh2 65. Rc4 Rb2 66. Rc6 Ra2 67. Rc4 Ra4 68. Kc2 Kh6 69. Kb3 Ra1 70. Kxb4 Kxh5 71. Kxc3 Rc1+ 72. Kd4 Rxc4+ 73. Kxc4 1/2-1/2